[Event "Andalucia-chT Honor Oriental"]
[Site "Andalucia"]
[Date "2018.11.18"]
[Round "7.37"]
[White "Perez Garcia, Alejandro"]
[Black "Nedelea, Ariton Vasile"]
[Result "1/2-1/2"]
[WhiteElo "2352"]
[BlackElo "2172"]
[PlyCount "78"]
[EventDate "2018.09.30"]
[EventType "team-tourn"]
[EventRounds "7"]
[EventCountry "ESP"]
[SourceTitle "EXT 2020"]
[Source "ChessBase"]
[SourceDate "2019.10.17"]
[SourceVersion "1"]
[SourceVersionDate "2019.10.17"]
[SourceQuality "1"]
[WhiteTeam "La Trocha Coin"]
[BlackTeam "Roquetas"]
[WhiteTeamCountry "ESP"]
[BlackTeamCountry "ESP"]

1. Nf3 d5 2. d4 Nf6 3. c4 e6 4. g3 c6 5. Bg2 Be7 6. 0-0 0-0 7. Nbd2 b6 8. Qc2 Bb7 9. e4 dxe4 10. Nxe4 Nbd7 11. Rd1 Nxe4 12. Qxe4 Nf6 13. Qc2 Qc7 14. c5 bxc5 15. dxc5 Rfd8 16. Bf4 Rxd1+ 17. Rxd1 Qa5 18. b4 Qa3 19. Rd4 Bc8 20. Ne5 Nd5 21. Nxc6 Bf6 22. Be5 Bd7 23. Bxd5 exd5 24. Rd3 Qa6 25. Nb8 Rxb8 26. Bxb8 Qb5 27. Rxd5 Bh3 28. Qd3 Qxb8 29. Rh5 Bc8 30. Qxh7+ Kf8 31. Qf5 g6 32. Qxf6 gxh5 33. Qd8+ Kg7 34. c6 h4 35. Qg5+ Kf8 36. Qd8+ Kg7 37. gxh4 f5 38. h5 Qxb4 39. Qxc8 Qg4+ 1/2-1/2

[Event "ROM-chT2"]
[Site "Gilau"]
[Date "2018.10.07"]
[Round "1.2"]
[White "Oprisor, Razvan Gabriel"]
[Black "Nedelea, Ariton Vasile"]
[Result "1/2-1/2"]
[WhiteElo "2220"]
[BlackElo "2172"]
[PlyCount "41"]
[EventDate "2018.10.07"]
[EventType "team-swiss"]
[EventRounds "9"]
[EventCountry "ROU"]
[SourceTitle "CBM 187 Extra"]
[Source "ChessBase"]
[SourceDate "2018.11.04"]
[SourceVersion "1"]
[SourceVersionDate "2018.11.04"]
[SourceQuality "1"]
[WhiteTeam "Targoviste"]
[BlackTeam "Bistrita"]
[WhiteTeamCountry "ROU"]
[BlackTeamCountry "ROU"]

1. e4 c5 2. Nc3 Nc6 3. Bb5 d6 4. f4 Nf6 5. Nf3 e6 6. 0-0 Be7 7. d3 d5 8. Ne5 Qc7 9. exd5 exd5 10. Qf3 Be6 11. Re1 0-0 12. Bxc6 bxc6 13. Bd2 Bd6 14. h3 Rae8 15. Re2 Nd7 16. Rae1 Bxe5 17. fxe5 d4 18. Ne4 Bd5 19. Qg3 Bxe4 20. Rxe4 Re6 21. Bf4 1/2-1/2

[Event "ROM-chT2"]
[Site "Slanic Moldova"]
[Date "2017.10.08"]
[Round "9.3"]
[White "Nastase, Robert Paul"]
[Black "Nedelea, Ariton Vasile"]
[Result "1-0"]
[WhiteElo "2317"]
[BlackElo "2196"]
[PlyCount "82"]
[EventDate "2017.09.30"]
[EventType "team-tourn"]
[EventRounds "9"]
[EventCountry "ROU"]
[SourceTitle "CBM 181 Extra"]
[Source "ChessBase"]
[SourceDate "2017.12.12"]
[SourceVersion "1"]
[SourceVersionDate "2017.12.12"]
[SourceQuality "1"]
[WhiteTeam "Otopeni"]
[BlackTeam "Bistrita"]
[WhiteTeamCountry "ROU"]
[BlackTeamCountry "ROU"]

1. e4 c5 2. Nf3 d6 3. d4 cxd4 4. Nxd4 Nf6 5. Nc3 a6 6. Bg5 e6 7. f4 Nbd7 8. Qe2 Qc7 9. 0-0-0 b5 10. a3 Bb7 11. g4 Be7 12. Bg2 0-0 13. Bh4 Nb6 14. g5 Nfd7 15. f5 exf5 16. Nxf5 Ne5 17. Kb1 Nbc4 18. Nd5 Bxd5 19. exd5 Rfe8 20. Nxe7+ Qxe7 21. Rhe1 Qc7 22. Rd4 a5 23. Bg3 g6 24. Bf4 Qc5 25. Re4 Rac8 26. Qd1 b4 27. a4 Kf8 28. Bc1 Nb6 29. Be3 Qc7 30. b3 Nxd5 31. Bd4 Nc3+ 32. Bxc3 Qxc3 33. Qxd6+ Kg8 34. R1e2 Rcd8 35. Qb6 Rd2 36. Rxd2 Qxd2 37. Rxe5 Rc8 38. Bc6 Qd6 39. Rd5 Qxc6 40. Rd8+ Kg7 41. Qd4+ f6 1-0

[Event "ROM-chT2"]
[Site "Slanic Moldova"]
[Date "2017.10.04"]
[Round "5.3"]
[White "Nedelea, Ariton Vasile"]
[Black "Sava, Bogdan"]
[Result "0-1"]
[WhiteElo "2196"]
[BlackElo "2098"]
[PlyCount "100"]
[EventDate "2017.09.30"]
[EventType "team-tourn"]
[EventRounds "9"]
[EventCountry "ROU"]
[SourceTitle "CBM 181 Extra"]
[Source "ChessBase"]
[SourceDate "2017.12.12"]
[SourceVersion "1"]
[SourceVersionDate "2017.12.12"]
[SourceQuality "1"]
[WhiteTeam "Bistrita"]
[BlackTeam "Husi"]
[WhiteTeamCountry "ROU"]
[BlackTeamCountry "ROU"]

1. e4 g6 2. d4 Bg7 3. Nc3 d6 4. Be3 Nf6 5. f3 a6 6. Qd2 b5 7. Nge2 c6 8. g4 h5 9. gxh5 Nxh5 10. 0-0-0 Nd7 11. Bg2 Qa5 12. Ng3 Nb6 13. Nxh5 Rxh5 14. Bf1 Be6 15. a3 Nc4 16. Bxc4 Bxc4 17. Nb1 Qc7 18. f4 0-0-0 19. Qg2 Bf6 20. Nc3 Be6 21. e5 Bg7 22. d5 Bh3 23. Qf2 c5 24. Ne4 Bd7 25. Ng5 Rf8 26. exd6 exd6 27. h4 Bg4 28. Rde1 Bf5 29. Qd2 Rhh8 30. Bf2 Qd8 31. Re2 Bg4 32. Ree1 Bf5 33. Re3 Bd4 34. Ree1 Bg7 35. Rhg1 Qf6 36. c3 Qd8 37. b4 cxb4 38. axb4 Qc7 39. Kb2 Qc4 40. Bd4 Qxd5 41. Re7 Bxd4 42. cxd4 Kd8 43. Rge1 Rxh4 44. Ra7 f6 45. Qc3 Rh2+ 46. Kc1 Rc2+ 47. Qxc2 Bxc2 48. Ne6+ Kc8 49. Nxf8 Be4 50. Re7 Qc4+ 0-1

[Event "ROM-chT2"]
[Site "Mamaia"]
[Date "2015.10.11"]
[Round "9.2"]
[White "Nedelea, Ariton Vasile"]
[Black "Racasan, Sebastian"]
[Result "1-0"]
[WhiteElo "2205"]
[BlackElo "2168"]
[PlyCount "63"]
[EventDate "2015.10.03"]
[EventType "team-tourn"]
[EventRounds "9"]
[EventCountry "ROU"]
[SourceTitle "CBM 169 Extra"]
[Source "ChessBase"]
[SourceDate "2015.12.18"]
[SourceVersion "1"]
[SourceVersionDate "2015.12.18"]
[SourceQuality "1"]
[WhiteTeam "Bistrita"]
[BlackTeam "Brasov CSU"]
[WhiteTeamCountry "ROU"]
[BlackTeamCountry "ROU"]

1. e4 c5 2. Nf3 d6 3. d4 cxd4 4. Nxd4 Nf6 5. Nc3 a6 6. Be2 e5 7. Nb3 Be6 8. 0-0 Be7 9. f4 exf4 10. Bxf4 0-0 11. Qe1 Nc6 12. Qg3 Ne8 13. Rad1 Qc7 14. Kh1 Ne5 15. Nd4 Bf6 16. Bh6 Ng6 17. Bg5 Bxd4 18. Rxd4 f6 19. Be3 Ne5 20. h4 Qf7 21. a4 Rc8 22. Rb4 Rc6 23. Bd4 Rc8 24. Bxe5 dxe5 25. Rd1 Qc7 26. Bg4 f5 27. exf5 Bxf5 28. Nd5 Qc5 29. Rxb7 Nd6 30. Ne7+ Kh8 31. Rxd6 Qxd6 32. Nxc8 1-0

[Event "ROM-chT2"]
[Site "Mamaia"]
[Date "2015.10.09"]
[Round "7.2"]
[White "Nedelea, Ariton Vasile"]
[Black "Bogdan, Dan"]
[Result "0-1"]
[WhiteElo "2205"]
[BlackElo "2387"]
[PlyCount "76"]
[EventDate "2015.10.03"]
[EventType "team-tourn"]
[EventRounds "9"]
[EventCountry "ROU"]
[SourceTitle "CBM 169 Extra"]
[Source "ChessBase"]
[SourceDate "2015.12.18"]
[SourceVersion "1"]
[SourceVersionDate "2015.12.18"]
[SourceQuality "1"]
[WhiteTeam "Bistrita"]
[BlackTeam "Arad Vados"]
[WhiteTeamCountry "ROU"]
[BlackTeamCountry "ROU"]

1. e4 c5 2. Nf3 Nc6 3. d3 g6 4. g3 Bg7 5. Bg2 e5 6. 0-0 Nge7 7. Nbd2 0-0 8. Re1 h6 9. Nc4 d6 10. a4 Be6 11. Nfd2 Qd7 12. c3 Rad8 13. Nb3 b6 14. a5 d5 15. exd5 Nxd5 16. axb6 axb6 17. Ra6 Qb7 18. Ra1 Nxc3 19. Qc2 Nd5 20. Bd2 Qc7 21. Nc1 Ndb4 22. Qa4 Bxc4 23. Bxb4 Bd5 24. Bxd5 Rxd5 25. Bc3 Nd4 26. Bxd4 Rxd4 27. Qc2 Rfd8 28. Ra3 Qd6 29. Ra7 Qd5 30. h4 h5 31. Qe2 c4 32. dxc4 Qxc4 33. Na2 Qxe2 34. Rxe2 Rd2 35. Rxd2 Rxd2 36. b4 e4 37. Ra8+ Kh7 38. Ra7 Kh6 0-1

[Event "ROM-chT2"]
[Site "Mamaia"]
[Date "2015.10.07"]
[Round "5.2"]
[White "Nedelea, Ariton Vasile"]
[Black "Luncasu, Raul Ionut"]
[Result "0-1"]
[WhiteElo "2205"]
[BlackElo "2156"]
[PlyCount "72"]
[EventDate "2015.10.03"]
[EventType "team-tourn"]
[EventRounds "9"]
[EventCountry "ROU"]
[SourceTitle "CBM 169 Extra"]
[Source "ChessBase"]
[SourceDate "2015.12.18"]
[SourceVersion "1"]
[SourceVersionDate "2015.12.18"]
[SourceQuality "1"]
[WhiteTeam "Bistrita"]
[BlackTeam "Buzau Pheonix"]
[WhiteTeamCountry "ROU"]
[BlackTeamCountry "ROU"]

1. e4 c5 2. Nf3 d6 3. d3 g6 4. g3 Bg7 5. Bg2 Nf6 6. 0-0 0-0 7. Nbd2 Nc6 8. c3 e5 9. a4 Rb8 10. Nc4 b6 11. Nfd2 Be6 12. Qe2 Qd7 13. f4 exf4 14. gxf4 Bg4 15. Qf2 d5 16. Ne5 Nxe5 17. fxe5 Nh5 18. exd5 Bxe5 19. Ne4 f5 20. Bh6 Rfe8 21. Nd2 Qc7 22. Bf3 Nf6 23. Rae1 Bh3 24. d6 Bxd6 25. Qh4 Bxh2+ 26. Kh1 Bxf1 27. Rxf1 Be5 28. d4 cxd4 29. cxd4 Ng4 30. Bxg4 Bg3 31. Qg5 fxg4 32. Qd5+ Kh8 33. Rf7 Qc1+ 34. Kg2 Re2+ 35. Kxg3 Qg1+ 36. Kf4 Qh2+ 0-1